<?xml version="1.0" encoding="UTF-8"?>
<collection xmlns="http://www.loc.gov/MARC21/slim">
 <record>
  <leader>01667nam a22002535a 4500</leader>
  <controlfield tag="001">CEM.cems011394</controlfield>
  <controlfield tag="008">130507s2003##################000#0#####d</controlfield>
  <controlfield tag="005">20231123175254.0</controlfield>
  <datafield tag="245" ind1="1" ind2="0">
   <subfield code="a">Geografía general /</subfield>
   <subfield code="c">Celia V. Bertone de Daguerre, Albina L. Lara, Susana María Sassone</subfield>
  </datafield>
  <datafield tag="260" ind1=" " ind2=" ">
   <subfield code="a">Buenos Aires :</subfield>
   <subfield code="b">Kapelusz,</subfield>
   <subfield code="c">2003</subfield>
  </datafield>
  <datafield tag="300" ind1=" " ind2=" ">
   <subfield code="a">304 p.</subfield>
  </datafield>
  <datafield tag="490" ind1="0" ind2=" ">
   <subfield code="a">Espacios y sociedades. Geografía</subfield>
  </datafield>
  <datafield tag="505" ind1="0" ind2=" ">
   <subfield code="a">El medio natural y la acción humana en el espacio geográfico -- La tierra nuestro lugar en el universo -- La tierra nuestra casa -- La representación de la superficie terrestre -- El hombre y el medio natural -- Los desastres naturales, origen, consecuencias y prevención -- La sociedad organiza el espacio geográfico: la población y las actividades económicas -- La población del mundo: crecimiento, pobreza y movilidad -- Hacia un mundo de ciudades -- El hombre y la producción de los recursos naturales al comercio internacional -- El transporte y las comunicaciones: cambios en la geografía del mundo -- El cuidado del ambiente, un desafío para todos -- La organización política transforma al espacio geográfico -- Cuando el mapa del mundo cambió</subfield>
  </datafield>
  <datafield tag="020" ind1=" " ind2=" ">
   <subfield code="a">9501309304</subfield>
  </datafield>
  <datafield tag="100" ind1="1" ind2=" ">
   <subfield code="a">Bertone de Daguerre, Celia V.</subfield>
  </datafield>
  <datafield tag="700" ind1="1" ind2=" ">
   <subfield code="a">Lara, Albina L.</subfield>
  </datafield>
  <datafield tag="700" ind1="1" ind2=" ">
   <subfield code="a">Sassone, Susana María</subfield>
  </datafield>
  <datafield tag="082" ind1="0" ind2="4">
   <subfield code="a">Z910</subfield>
  </datafield>
  <datafield tag="653" ind1=" " ind2=" ">
   <subfield code="a">Geografía</subfield>
  </datafield>
  <datafield tag="653" ind1=" " ind2=" ">
   <subfield code="a">Geografía general</subfield>
  </datafield>
  <datafield tag="859" ind1=" " ind2=" ">
   <subfield code="a">CEMS</subfield>
   <subfield code="b">BIB. CEMS - 11 de abril</subfield>
   <subfield code="h">Z910</subfield>
   <subfield code="i">D135</subfield>
   <subfield code="p">22312.03</subfield>
   <subfield code="t">Ej.1</subfield>
  </datafield>
  <datafield tag="859" ind1=" " ind2=" ">
   <subfield code="a">CEMS</subfield>
   <subfield code="b">BIB. CEMS - 11 de abril</subfield>
   <subfield code="h">Z910</subfield>
   <subfield code="i">D135</subfield>
   <subfield code="p">22401.04</subfield>
   <subfield code="t">Ej.2</subfield>
  </datafield>
  <datafield tag="859" ind1=" " ind2=" ">
   <subfield code="a">CEMS</subfield>
   <subfield code="b">BIB. CEMS - 11 de abril</subfield>
   <subfield code="h">Z910</subfield>
   <subfield code="i">D135</subfield>
   <subfield code="p">29523.23</subfield>
   <subfield code="t">Ej.3</subfield>
  </datafield>
  <datafield tag="859" ind1=" " ind2=" ">
   <subfield code="a">CEMS</subfield>
   <subfield code="b">BIB. CEMS - 11 de abril</subfield>
   <subfield code="h">Z910</subfield>
   <subfield code="i">D135</subfield>
   <subfield code="p">29810.23</subfield>
   <subfield code="t">Ej.4</subfield>
  </datafield>
 </record>
</collection>
